[Event "Tournoi de la St-Jean"]
[Site "Quebec CAN"]
[Date "2004.06.26"]
[Round "2.27"]
[White "Sirois, Eric"]
[Black "Perreault, Jacquelin"]
[Result "1/2-1/2"]
[WhiteElo "1644"]
[BlackElo "1837"]
[PlyCount "53"]
[GameId "2160767911145697"]
[EventDate "2004.06.??"]
[EventType "swiss"]
[EventRounds "5"]
[EventCountry "CAN"]

1. e4 c5 2. Nf3 d6 3. d4 cxd4 4. Nxd4 Nf6 5. Nc3 a6 6. Be3 e5 7. Nb3 Be6 8. Qd2 Nbd7 9. f3 b5 10. O-O-O Nb6 11. Qf2 Nfd7 12. Nd5 Bxd5 13. exd5 Rc8 14. Na5 Qc7 15. Nb3 Nc4 16. Bd3 Be7 17. h4 Nxe3 18. Qxe3 a5 19. Nd2 O-O 20. Ne4 Nf6 21. Nxf6+ Bxf6 22. g4 g6 23. g5 Bg7 24. h5 Qc5 25. Qxc5 Rxc5 26. hxg6 fxg6 27. Be4 1/2-1/2

[Event "Tournoi de la St-Jean"]
[Site "Quebec CAN"]
[Date "2004.06.26"]
[Round "2.30"]
[White "Page, Denis"]
[Black "Michaud, Jacques"]
[Result "0-1"]
[WhiteElo "1684"]
[BlackElo "1522"]
[PlyCount "136"]
[GameId "2160767911145698"]
[EventDate "2004.06.??"]
[EventType "swiss"]
[EventRounds "5"]
[EventCountry "CAN"]

1. e4 c5 2. Nc3 Nc6 3. g3 d6 4. Bg2 Bd7 5. d3 g6 6. Be3 Bg7 7. Qd2 Nf6 8. Bh6 O-O 9. Bxg7 Kxg7 10. h3 Qc8 11. g4 Nd4 12. O-O-O Rb8 13. g5 Ng8 14. h4 b5 15. Nge2 Bg4 16. Nxd4 Bxd1 17. Ndxb5 Bh5 18. Na3 e6 19. Nc4 Qb7 20. b3 Qe7 21. e5 d5 22. Nd6 Qc7 23. Qf4 Rb4 24. Qd2 Qa5 25. Kb2 Rbb8 26. Qe1 Ne7 27. Ncb5 Rxb5 28. Nxb5 Qxb5 29. c4 Qb4 30. Qxb4 cxb4 31. c5 Nc6 32. Rc1 Nxe5 33. Bf1 Rc8 34. a3 a5 35. a4 Nc6 36. d4 Nxd4 37. Ba6 Rc7 38. c6 Rxc6 39. Rxc6 Nxc6 40. Kc2 Nd4+ 41. Kb2 Nf5 42. Kc2 Nxh4 43. Kd3 Bd1 44. Kd4 Bxb3 45. Bb5 Nf3+ 46. Kc5 d4 47. Kb6 d3 48. Bxd3 Bxa4 49. Kxa5 Bd1 50. Kxb4 Nxg5 51. Bf1 h5 52. Kc3 h4 53. Kd2 Bf3 54. Ke3 e5 55. Be2 e4 56. Bxf3 exf3 57. Kf4 h3 58. Kg3 Kf6 59. Kh2 Ke5 60. Kg3 Kd4 61. Kh2 Kd3 62. Kh1 Ke2 63. Kg1 f5 64. Kh2 Kxf2 65. Kh1 Ke2 66. Kh2 f2 67. Kg3 f1=Q 68. Kh4 Qf4# 0-1

[Event "Tournoi de la St-Jean"]
[Site "Quebec CAN"]
[Date "2004.06.26"]
[Round "2.33"]
[White "Younsi, Malik"]
[Black "Letourneau, Alex"]
[Result "1/2-1/2"]
[WhiteElo "1472"]
[BlackElo "1376"]
[PlyCount "125"]
[GameId "2160767911145699"]
[EventDate "2004.06.??"]
[EventType "swiss"]
[EventRounds "5"]
[EventCountry "CAN"]

1. d4 Nf6 2. c4 c5 3. d5 e6 4. Nc3 exd5 5. cxd5 d6 6. e4 g6 7. f4 Qe7 8. Nf3 Nxe4 9. Qa4+ Nc6 10. Qxe4 Nb4 11. Bb5+ Kd8 12. Qxe7+ Bxe7 13. Ba4 Nd3+ 14. Ke2 c4 15. Bc2 Bf5 16. Bxd3 Bxd3+ 17. Kf2 Bf6 18. Bd2 h6 19. Rae1 Kd7 20. h3 Rab8 21. Be3 Rhe8 22. Bd4 Rxe1 23. Rxe1 Bd8 24. Bxa7 Ra8 25. Bd4 Ba5 26. a3 b5 27. Bf6 b4 28. Re7+ Kc8 29. Re8+ Kb7 30. Rxa8 Kxa8 31. axb4 Bxb4 32. Bg7 h5 33. g4 hxg4 34. hxg4 Kb7 35. Ne1 Bc5+ 36. Kg2 f5 37. Nxd3 cxd3 38. gxf5 gxf5 39. Kf1 Ka6 40. Kg2 Ka5 41. Kf1 Be3 42. Bh6 Kb4 43. Ke1 Kb3 44. Kd1 Kc4 45. Ke1 Bc1 46. Nd1 Kb3 47. Nf2 Kc2 48. Nxd3 Kxd3 49. b3 Ba3 50. Kd1 Ke4 51. Ke2 Bb4 52. Bg5 Kd4 53. Bf6+ Kxd5 54. Kd3 Ba5 55. Bc3 Bc7 56. b4 Kc6 57. Kd4 Bb6+ 58. Kd3 Kd5 59. Bd2 Bg1 60. Bc1 Bh2 61. Be3 Kc6 62. Kc4 d5+ 63. Kd4 1/2-1/2

[Event "Tournoi de la St-Jean"]
[Site "Quebec CAN"]
[Date "2004.06.26"]
[Round "2.34"]
[White "Dube, Roger"]
[Black "Crepault, Francois"]
[Result "0-1"]
[WhiteElo "1362"]
[BlackElo "1458"]
[PlyCount "58"]
[GameId "2160767911145700"]
[EventDate "2004.06.??"]
[EventType "swiss"]
[EventRounds "5"]
[EventCountry "CAN"]

1. e4 d5 2. exd5 Nf6 3. c4 c6 4. Nc3 cxd5 5. d3 dxc4 6. dxc4 Qxd1+ 7. Nxd1 e5 8. h3 Nc6 9. Bd3 Be6 10. b3 Rd8 11. Nb2 Bb4+ 12. Ke2 e4 13. Bb1 Nd4+ 14. Kf1 Ba3 15. Ne2 Bxb2 16. Bxb2 Nxb3 17. Nc3 Bxc4+ 18. Ke1 Nxa1 19. Bxa1 Bd3 20. Bxd3 exd3 21. Kd2 O-O 22. Re1 Rfe8 23. Re3 Rxe3 24. fxe3 b5 25. Nxb5 Ne4+ 26. Kd1 d2 27. Nd4 a5 28. Kc2 Rc8+ 29. Bc3 Rxc3+ 0-1

[Event "Tournoi de la St-Jean"]
[Site "Quebec CAN"]
[Date "2004.06.26"]
[Round "2.37"]
[White "Lavoie, Eric"]
[Black "Saillant, Benoit"]
[Result "1-0"]
[WhiteElo "1426"]
[BlackElo "1183"]
[PlyCount "83"]
[GameId "2160767911145701"]
[EventDate "2004.06.??"]
[EventType "swiss"]
[EventRounds "5"]
[EventCountry "CAN"]

1. d4 d6 2. c4 c5 3. e3 cxd4 4. exd4 Nf6 5. Nc3 g6 6. Nf3 Bg7 7. Bd3 O-O 8. O-O Bg4 9. Be3 Nc6 10. h3 Bxf3 11. Qxf3 Nd7 12. Ne2 e5 13. Rfd1 f5 14. Qd5+ Kh8 15. dxe5 dxe5 16. Bxf5 Nb6 17. Qxd8 Raxd8 18. Bxb6 Rxd1+ 19. Rxd1 gxf5 20. Bc5 Rc8 21. Ng3 b6 22. Ba3 Nd4 23. b3 Rd8 24. Kf1 Re8 25. Bb2 f4 26. Nh5 Nf5 27. Nxg7 Nxg7 28. Re1 e4 29. Rd1 Kg8 30. Bxg7 Kxg7 31. Rd7+ Kg6 32. Rxa7 e3 33. fxe3 fxe3 34. Ra6 e2+ 35. Ke1 Kf5 36. Rxb6 Kf4 37. Rf6+ Kg3 38. Rf2 h5 39. Rxe2 Rxe2+ 40. Kxe2 Kxg2 41. c5 Kxh3 42. c6 1-0

[Event "Tournoi de la St-Jean"]
[Site "Quebec CAN"]
[Date "2004.06.26"]
[Round "2.38"]
[White "Plamondon, Pascal"]
[Black "Senecal, Jean-Pierre"]
[Result "0-1"]
[WhiteElo "1245"]
[BlackElo "1412"]
[PlyCount "66"]
[GameId "2160767911145702"]
[EventDate "2004.06.??"]
[EventType "swiss"]
[EventRounds "5"]
[EventCountry "CAN"]

1. e4 e5 2. Nf3 d6 3. Nc3 Nf6 4. d4 exd4 5. Nxd4 a6 6. Be2 Be7 7. Qd3 O-O 8. Qg3 Re8 9. Bh6 Bf8 10. O-O Nxe4 11. Nxe4 Rxe4 12. Qd3 Qe7 13. Bf3 Rxd4 14. Qxd4 gxh6 15. Be4 Bg7 16. Qd3 Nd7 17. Bxh7+ Kh8 18. Rfe1 Qf8 19. c3 Ne5 20. Qc2 f5 21. Rxe5 Bxe5 22. Bg6 Qf6 23. Be8 Be6 24. Ba4 Rg8 25. Re1 Bd5 26. g3 f4 27. Qd3 Bc6 28. Bc2 Rg7 29. a3 fxg3 30. hxg3 Qf3 31. Qxf3 Bxf3 32. Re3 Bc6 33. f4 Bxf4 0-1

[Event "Tournoi de la St-Jean"]
[Site "Quebec CAN"]
[Date "2004.06.26"]
[Round "2.40"]
[White "Belanger, Martin"]
[Black "Renzo, Alain"]
[Result "1-0"]
[WhiteElo "1355"]
[BlackElo "1115"]
[PlyCount "62"]
[GameId "2160767911145703"]
[EventDate "2004.06.??"]
[EventType "swiss"]
[EventRounds "5"]
[EventCountry "CAN"]

1. e4 c5 2. Nf3 Nc6 3. d4 cxd4 4. Nxd4 Nf6 5. Nc3 e6 6. Be3 Bb4 7. Bd3 a6 8. Qd2 d5 9. exd5 Nxd4 10. Bxd4 O-O 11. O-O Nxd5 12. b3 Be7 13. Nxd5 Qxd5 14. Be3 Bd7 15. c4 Qc6 16. Rad1 Bf6 17. b4 b5 18. c5 Rfe8 19. Bxh7+ Kxh7 20. Qxd7 Qxd7 21. Rxd7 Kg8 22. Rfd1 Kf8 23. c6 Rac8 24. c7 Be5 25. Bc5+ Kg8 26. Bb6 Bf6 27. Rd8 Kf8 28. Bc5+ Be7 29. Bxe7+ Kxe7 30. R1d7+ Kf6 31. Rxe8 Rxe8 1-0

[Event "Tournoi de la St-Jean"]
[Site "Quebec CAN"]
[Date "2004.06.26"]
[Round "2.42"]
[White "Jolin, Fernand"]
[Black "Beauchesne, Jonathan"]
[Result "0-1"]
[WhiteElo "1273"]
[BlackElo "1132"]
[PlyCount "84"]
[GameId "2160767911145704"]
[EventDate "2004.06.??"]
[EventType "swiss"]
[EventRounds "5"]
[EventCountry "CAN"]

1. Nf3 Nf6 2. d4 e6 3. g3 Be7 4. Bg2 O-O 5. O-O d6 6. c3 h6 7. Nbd2 Bd7 8. a4 c5 9. dxc5 dxc5 10. Ne5 Nc6 11. Ndc4 Qc7 12. Nxd7 Qxd7 13. Qxd7 Nxd7 14. Bxc6 bxc6 15. Bf4 Nb6 16. Nxb6 axb6 17. Rfd1 Ra7 18. b3 Rd8 19. Rxd8+ Bxd8 20. Rd1 Be7 21. c4 f6 22. Rd3 e5 23. Be3 Kf7 24. f3 Ke6 25. g4 Rd7 26. Kf2 Rxd3 27. exd3 g5 28. Ke2 f5 29. h3 Kf6 30. b4 f4 31. Bf2 Ke6 32. bxc5 bxc5 33. a5 Kd7 34. d4 exd4 35. Kd3 Kc7 36. Ke4 Kb7 37. Kf5 Bd8 38. Be1 Ka6 39. h4 Bxa5 40. Bxa5 Kxa5 41. hxg5 hxg5 42. Ke4 Kb4 0-1

[Event "Tournoi de la St-Jean"]
[Site "Quebec CAN"]
[Date "2004.06.26"]
[Round "2.44"]
[White "Allard, Laurent"]
[Black "Esculier, Stephane"]
[Result "1/2-1/2"]
[WhiteElo "1061"]
[BlackElo "1433"]
[PlyCount "65"]
[GameId "2160767911145705"]
[EventDate "2004.06.??"]
[EventType "swiss"]
[EventRounds "5"]
[EventCountry "CAN"]

1. e4 c6 2. d4 d5 3. exd5 cxd5 4. c4 e6 5. Nf3 Nc6 6. Nc3 Bb4 7. Be3 Nf6 8. a3 Bxc3+ 9. bxc3 Ne4 10. Qc2 Qa5 11. Bd3 Qxc3+ 12. Qxc3 Nxc3 13. O-O O-O 14. Rac1 Na4 15. cxd5 exd5 16. Bb5 Nb6 17. Bxc6 bxc6 18. Rxc6 Nc4 19. Nd2 Nxd2 20. Bxd2 Be6 21. Rb1 Rfc8 22. Rbc1 h6 23. Rxc8+ Rxc8 24. Rxc8+ Bxc8 25. Kf1 f5 26. Ke2 Kf7 27. Kd3 Ke6 28. f4 Ba6+ 29. Kc3 Bf1 30. g3 Kd6 31. Kb4 Kc6 32. Ka5 Be2 33. Bb4 1/2-1/2

[Event "Tournoi de la St-Jean"]
[Site "Quebec CAN"]
[Date "2004.06.26"]
[Round "2.45"]
[White "Morais, Carl"]
[Black "Chevalier, Danny"]
[Result "0-1"]
[WhiteElo "1098"]
[BlackElo "1191"]
[PlyCount "96"]
[GameId "2160767911145706"]
[EventDate "2004.06.??"]
[EventType "swiss"]
[EventRounds "5"]
[EventCountry "CAN"]

1. e4 e5 2. Nf3 d6 3. Be2 h6 4. O-O Nf6 5. d3 Nc6 6. Be3 d5 7. exd5 Nxd5 8. c4 Nb6 9. Nc3 Be7 10. Qc2 O-O 11. Rad1 Nd4 12. Bxd4 exd4 13. Nb5 c5 14. Na3 a6 15. Nb1 Bd6 16. a3 Qc7 17. b4 Re8 18. Qb2 Na4 19. Qc2 b5 20. bxc5 Qxc5 21. Rc1 bxc4 22. Qxc4 Qxc4 23. Rxc4 Rxe2 24. Rxa4 Rb8 25. Rxd4 Bc5 26. Rd5 Be7 27. h3 Bb7 28. Re5 Bxf3 29. Rxe7 Rxe7 30. gxf3 Rd7 31. Rd1 Rbd8 32. Kg2 Rxd3 33. Rxd3 Rxd3 34. Kg3 Rb3 35. Nd2 Rxa3 36. Nc4 Rc3 37. Na5 g6 38. Nb7 Kg7 39. Nd6 h5 40. Ne4 Rc1 41. Nd2 Rc8 42. Nb3 f5 43. Nd4 Kf6 44. Ne2 a5 45. h4 a4 46. Nd4 a3 47. Nb3 a2 48. Kg2 Rc3 0-1

[Event "Tournoi de la St-Jean"]
[Site "Quebec CAN"]
[Date "2004.06.26"]
[Round "2.47"]
[White "Tremblay, Charles"]
[Black "Marcouiller, David"]
[Result "0-1"]
[WhiteElo "1154"]
[BlackElo "1164"]
[PlyCount "144"]
[GameId "2160767911145707"]
[EventDate "2004.06.??"]
[EventType "swiss"]
[EventRounds "5"]
[EventCountry "CAN"]

1. d4 c5 2. Nf3 Nf6 3. Nc3 e6 4. e4 d5 5. exd5 Nxd5 6. Nxd5 Qxd5 7. Qe2 Nc6 8. c3 cxd4 9. cxd4 Bd6 10. a3 Bd7 11. Be3 Rc8 12. g3 O-O 13. Bg2 Qb3 14. O-O Na5 15. Rab1 Bb5 16. Qe1 Bxf1 17. Bxf1 Nc4 18. Nd2 Nxd2 19. Bxd2 Rc2 20. Bc3 Bxa3 21. Bd3 Bxb2 22. Bxc2 Qxc3 23. Qxc3 Bxc3 24. Rxb7 Bxd4 25. Kg2 Rc8 26. Bb3 Bb6 27. f4 g6 28. h4 Kg7 29. g4 Rc7 30. Rb8 a5 31. Rxb6 Rc5 32. g5 h5 33. Kf2 Rc3 34. Ba4 Rc4 35. Bb5 Rxf4+ 36. Kg3 Rb4 37. Kh3 e5 38. Kg3 a4 39. Ra6 Rb3+ 40. Kf2 a3 41. Bc4 Rb4 42. Rxa3 Rxc4 43. Kg3 Rc7 44. Re3 f6 45. Kh3 Kf7 46. gxf6 Kxf6 47. Rf3+ Ke6 48. Rg3 Kf5 49. Rf3+ Ke4 50. Rg3 Rg7 51. Rg2 Kf3 52. Rg3+ Kf4 53. Kg2 e4 54. Kf2 g5 55. Rh3 g4 56. Rc3 g3+ 57. Kg2 e3 58. Rc4+ Ke5 59. Rc8 Kd4 60. Re8 Rg4 61. Rd8+ Kc3 62. Rc8+ Kd2 63. Rd8+ Ke1 64. Re8 e2 65. Rd8 Rxh4 66. Kxg3 Rg4+ 67. Kf3 Kf1 68. Rf8 Rf4+ 69. Rxf4 e1=Q 70. Rd4 Qe2+ 71. Kf4 Kg2 72. Kg5 Qe5+ 0-1

[Event "Tournoi de la St-Jean"]
[Site "Quebec CAN"]
[Date "2004.06.26"]
[Round "2.48"]
[White "Lemieux, Francois"]
[Black "Gangnier, Gary"]
[Result "1-0"]
[WhiteElo "1149"]
[BlackElo "1027"]
[PlyCount "65"]
[GameId "2160767911145708"]
[EventDate "2004.06.??"]
[EventType "swiss"]
[EventRounds "5"]
[EventCountry "CAN"]

1. e4 Nf6 2. Nc3 e6 3. Nf3 c5 4. Bb5 Be7 5. e5 Nd5 6. Ng5 O-O 7. d3 Bxg5 8. Qh5 Bxc1 9. Rxc1 a6 10. Ba4 Qc7 11. Ne4 Nf4 12. Qg5 Qd8 13. c3 Nxd3+ 14. Ke2 Nxe5 15. Qxe5 d5 16. Rhd1 b5 17. Bc2 f6 18. Qh5 g6 19. Qh6 Nc6 20. Nxc5 d4 21. Rd3 e5 22. Rg3 f5 23. Rh3 Rf7 24. Rd1 Qd5 25. Bb3 Ne7 26. Bxd5 Nxd5 27. Kf1 Raa7 28. cxd4 Rac7 29. Re1 e4 30. f3 f4 31. Rxe4 Bxh3 32. Re8+ Rf8 33. Rxf8# 1-0

[Event "Tournoi de la St-Jean"]
[Site "Quebec CAN"]
[Date "2004.06.26"]
[Round "2.49"]
[White "Fullum, Steve"]
[Black "Cournoyer, Dominic"]
[Result "0-1"]
[WhiteElo "1190"]
[BlackElo "1178"]
[PlyCount "80"]
[GameId "2160767911145709"]
[EventDate "2004.06.??"]
[EventType "swiss"]
[EventRounds "5"]
[EventCountry "CAN"]

1. d4 f5 2. Nc3 Nf6 3. f3 d5 4. Bg5 c6 5. Bxf6 exf6 6. Qd2 Bd6 7. O-O-O O-O 8. e4 Qc7 9. Nge2 fxe4 10. fxe4 dxe4 11. Nxe4 Be6 12. Nxd6 Qxd6 13. Nf4 Bxa2 14. g3 Nd7 15. Qa5 Bf7 16. Bg2 Nb6 17. d5 cxd5 18. Nxd5 Qe5 19. Rhe1 Qg5+ 20. Qd2 Qxd2+ 21. Rxd2 Nxd5 22. Bxd5 Bxd5 23. Rxd5 Rf7 24. Red1 Re7 25. Rd8+ Rxd8 26. Rxd8+ Kf7 27. Kd2 Ke6 28. Kd3 Rd7+ 29. Rxd7 Kxd7 30. Ke4 Ke6 31. h4 g5 32. c4 f5+ 33. Kf3 h6 34. b3 Ke5 35. hxg5 hxg5 36. g4 f4 37. c5 Kd4 38. b4 Kc4 39. Ke4 Kxb4 40. Kf5 f3 0-1

[Event "Tournoi de la St-Jean"]
[Site "Quebec CAN"]
[Date "2004.06.26"]
[Round "3"]
[White "Archambault, Serge"]
[Black "Duchesneau, Alain"]
[Result "1/2-1/2"]
[WhiteElo "1695"]
[BlackElo "1568"]
[PlyCount "111"]
[GameId "2160767911145710"]
[EventDate "2004.06.??"]
[EventType "swiss"]
[EventRounds "5"]
[EventCountry "CAN"]
[SourceTitle "EXT 2006"]
[Source "ChessBase"]
[SourceDate "2005.11.24"]
[SourceVersion "1"]
[SourceVersionDate "2005.11.24"]
[SourceQuality "1"]

1. d4 g6 2. c4 Nf6 3. Nc3 Bg7 4. e4 d6 5. Be2 O-O 6. f4 c5 7. Be3 cxd4 8. Bxd4 Nc6 9. Be3 Qa5 10. Bd2 Qb6 11. Qb3 Qxb3 12. axb3 Nd4 13. Bd1 Bg4 14. Nf3 Bxf3 15. gxf3 e5 16. Be3 Nh5 17. Bxd4 exd4 18. Nb5 Nxf4 19. Nxd6 b6 20. Nb5 a6 21. Nc7 Ra7 22. Nd5 Nd3+ 23. Kd2 Nxb2 24. Nxb6 d3 25. Ra3 f5 26. exf5 Rxf5 27. Nd5 Nxd1 28. Kxd1 Rxf3 29. Re1 Kf7 30. b4 Bf8 31. Ra2 Bh6 32. b5 d2 33. Rg1 Rb3 34. Rf1+ Ke8 35. Kc2 Re3 36. b6 Re1 37. Ra1 Rc1+ 38. Raxc1 dxc1=Q+ 39. Rxc1 Rb7 40. Ra1 Kd7 41. Rxa6 Bg7 42. Kd3 Kc6 43. Ra5 Bf8 44. Kd4 Bg7+ 45. Ke4 Bf8 46. Ke5 Bc5 47. Rb5 Bxb6 48. Nxb6 Rxb6 49. Rxb6+ Kxb6 50. Kf6 Kc5 51. Kg7 Kxc4 52. Kxh7 g5 53. Kg6 g4 54. Kg5 Kd5 55. Kf5 Kd6 56. Kxg4 1/2-1/2

[Event "Tournoi de la St-Jean"]
[Site "Quebec CAN"]
[Date "2004.06.27"]
[Round "5"]
[White "Tremblay, Rejean"]
[Black "Berube, Antoine"]
[Result "1-0"]
[WhiteElo "2270"]
[BlackElo "2011"]
[PlyCount "79"]
[GameId "2160767911145713"]
[EventDate "2004.06.??"]
[EventType "swiss"]
[EventRounds "5"]
[EventCountry "CAN"]
[SourceTitle "EXT 2006"]
[Source "ChessBase"]
[SourceDate "2005.11.24"]
[SourceVersion "1"]
[SourceVersionDate "2005.11.24"]
[SourceQuality "1"]

1. d4 d5 2. c4 c6 3. Nf3 Nf6 4. Nc3 e6 5. Bg5 h6 6. Bh4 dxc4 7. e3 b5 8. a4 Bb4 9. Ne5 Bb7 10. Qf3 Qa5 11. Bxf6 Bxc3+ 12. Ke2 Qb4 13. Qh5 Qxb2+ 14. Kf3 c5+ 15. Kg3 g6 16. Qh4 cxd4 17. Bxc4 dxe3 18. Bxb5+ Kf8 19. Qf4 Rh7 20. Rad1 Na6 21. Rd7 Nc5 22. Rxf7+ Kg8 23. Rxh7 Kxh7 24. Nd3 Ne4+ 25. Kh3 Nxf2+ 26. Nxf2 Bxf6 27. Qc7+ Bg7 28. Qxb7 Rf8 29. Nd3 Qd4 30. Re1 h5 31. g3 h4 32. Qc6 hxg3 33. hxg3 Rf5 34. Kg2 Rg5 35. Rh1+ Rh5 36. Rxh5+ gxh5 37. Qxe6 a5 38. Nf4 Qd2+ 39. Kh3 Qe1 40. Bd3+ 1-0

[Event "Two Games a Month"]
[Site "Winnipeg CAN"]
[Date "2004.01.25"]
[Round "1"]
[White "Anderson, George"]
[Black "Sowka, John"]
[Result "1-0"]
[WhiteElo "1500"]
[BlackElo "1349"]
[PlyCount "56"]
[GameId "2160767911192204"]
[EventDate "2004.01.25"]
[EventType "swiss"]
[EventRounds "4"]
[EventCountry "CAN"]

1. e4 e5 2. f4 exf4 3. d4 Nc6 4. Nf3 d6 5. d5 Ne5 6. Bxf4 Nxf3+ 7. Qxf3 f6 8. Nc3 Ne7 9. Bc4 g5 10. Qh5+ Ng6 11. Bg3 Qe7 12. O-O Bd7 13. Bb5 c6 14. Ba4 O-O-O 15. Qe2 c5 16. Bxd7+ Qxd7 17. Rxf6 Qc7 18. Nb5 Qb6 19. Qg4+ Kb8 20. a4 Be7 21. Re6 a6 22. c4 axb5 23. axb5 h5 24. Qd1 Rd7 25. Rxg6 h4 26. Bf2 Rf8 27. Be3 Qd8 28. Qa4 Qe8 1-0

[Event "Two Games a Month"]
[Site "Winnipeg CAN"]
[Date "2004.01.25"]
[Round "1"]
[White "Bailey, Jack"]
[Black "Mor, Shai"]
[Result "1-0"]
[WhiteElo "1487"]
[BlackElo "1329"]
[PlyCount "61"]
[GameId "2160767911192205"]
[EventDate "2004.01.25"]
[EventType "swiss"]
[EventRounds "4"]
[EventCountry "CAN"]

1. d4 d5 2. Nf3 Nf6 3. e3 e6 4. Bd3 Bd6 5. Nbd2 Nbd7 6. O-O O-O 7. c3 c6 8. e4 e5 9. dxe5 dxe4 10. Nxe4 Nxe5 11. Nxe5 Bxe5 12. Bg5 Bf5 13. Qf3 Bg4 14. Qe3 Re8 15. h4 Bh5 16. Rfe1 Nd5 17. Bxd8 Nxe3 18. Rxe3 Raxd8 19. Rae1 Bf4 20. Nf6+ gxf6 21. Rxe8+ Rxe8 22. Rxe8+ Kg7 23. Re7 b6 24. Rxa7 Bc1 25. b3 Bb2 26. c4 f5 27. Bxf5 Bg6 28. Bxg6 hxg6 29. Rc7 b5 30. cxb5 cxb5 31. Rb7 1-0

[Event "Two Games a Month"]
[Site "Winnipeg CAN"]
[Date "2004.01.25"]
[Round "1"]
[White "Boron, Anthony"]
[Black "Kwapiszewski, Chris"]
[Result "1-0"]
[WhiteElo "1937"]
[BlackElo "1106"]
[PlyCount "65"]
[GameId "2160767911192206"]
[EventDate "2004.01.25"]
[EventType "swiss"]
[EventRounds "4"]
[EventCountry "CAN"]

1. d4 Nc6 2. Nf3 Nf6 3. Nc3 d5 4. g3 Ne4 5. Bd2 Nxd2 6. Qxd2 g6 7. Bg2 Bg7 8. O-O Bg4 9. e3 Bxf3 10. Bxf3 O-O 11. Nxd5 e6 12. Nb4 Qf6 13. Bg2 Nxb4 14. Qxb4 b6 15. Bxa8 Rxa8 16. c4 a5 17. Qb5 e5 18. dxe5 Qxe5 19. Qxe5 Bxe5 20. Rab1 c5 21. Rfd1 Rb8 22. Rd7 b5 23. Rd5 Bg7 24. Rxc5 bxc4 25. Rxc4 h5 26. b3 Ra8 27. Rd1 f5 28. Rd7 g5 29. Rc5 f4 30. Rxg5 fxg3 31. Rdxg7+ Kh8 32. Rxg3 a4 33. R7g5 1-0

[Event "Two Games a Month"]
[Site "Winnipeg CAN"]
[Date "2004.01.25"]
[Round "1"]
[White "Dharssi, Karim"]
[Black "Tang, Edward"]
[Result "0-1"]
[WhiteElo "1431"]
[BlackElo "1964"]
[PlyCount "76"]
[GameId "2160767911192207"]
[EventDate "2004.01.25"]
[EventType "swiss"]
[EventRounds "4"]
[EventCountry "CAN"]

1. c4 e5 2. Nc3 Nc6 3. g3 g6 4. Bg2 Bg7 5. d3 d6 6. Nf3 h6 7. Bd2 Be6 8. Nd5 Qd7 9. O-O Rc8 10. Re1 Nce7 11. Nxe7 Nxe7 12. Bc3 f5 13. e4 O-O 14. b3 f4 15. d4 exd4 16. Bxd4 Nc6 17. Bxg7 Qxg7 18. Qd2 fxg3 19. fxg3 Bg4 20. Rf1 Bxf3 21. Bxf3 Rxf3 22. Rxf3 Qxa1+ 23. Rf1 Qd4+ 24. Qf2 Rf8 25. Qxd4 Rxf1+ 26. Kxf1 Nxd4 27. Kf2 Kf7 28. Ke3 Ne6 29. b4 Kf6 30. h4 Ke5 31. a3 Ng7 32. g4 g5 33. hxg5 hxg5 34. Kd3 Ne8 35. Ke3 Nf6 36. Kf3 Nxe4 37. Ke3 Nf6 38. Kf3 Kd4 0-1

[Event "Two Games a Month"]
[Site "Winnipeg CAN"]
[Date "2004.01.25"]
[Round "1"]
[White "Kirkby, Levi"]
[Black "Zaczek, Jonathon"]
[Result "0-1"]
[WhiteElo "942"]
[BlackElo "1832"]
[PlyCount "48"]
[GameId "2160767911192208"]
[EventDate "2004.01.25"]
[EventType "swiss"]
[EventRounds "4"]
[EventCountry "CAN"]

1. e4 c5 2. Nf3 d6 3. d4 cxd4 4. Nxd4 Nf6 5. Nc3 a6 6. Be3 e5 7. b3 exd4 8. Bxd4 Nc6 9. Nd5 Nxd5 10. exd5 Qa5+ 11. c3 Qxd5 12. Qe2+ Qe6 13. Qxe6+ Bxe6 14. Bc4 Nxd4 15. cxd4 Rc8 16. Rc1 d5 17. O-O dxc4 18. bxc4 Rxc4 19. Rxc4 Bxc4 20. Rc1 b5 21. Re1+ Kd7 22. Rd1 Ba3 23. d5 Re8 24. d6 Bxd6 0-1

[Event "Two Games a Month"]
[Site "Winnipeg CAN"]
[Date "2004.01.25"]
[Round "1"]
[White "Lipnowski, Samuel"]
[Black "Gibbons, Lorne"]
[Result "1-0"]
[WhiteElo "2154"]
[BlackElo "1358"]
[PlyCount "65"]
[GameId "2160767911192209"]
[EventDate "2004.01.25"]
[EventType "swiss"]
[EventRounds "4"]
[EventCountry "CAN"]
[SourceTitle "EXT 2005"]
[Source "ChessBase"]
[SourceDate "2004.11.15"]
[SourceVersion "1"]
[SourceVersionDate "2004.11.15"]
[SourceQuality "1"]

1. e4 e5 2. Nf3 Nc6 3. Bb5 Nge7 4. O-O g6 5. c3 Bg7 6. d4 exd4 7. cxd4 a6 8. Ba4 b5 9. Bb3 O-O 10. d5 Ne5 11. d6 cxd6 12. Nc3 Bb7 13. Bg5 Kh8 14. Bxe7 Qxe7 15. Bd5 Bxd5 16. Nxd5 Nxf3+ 17. Qxf3 Qe5 18. b3 f5 19. Rae1 fxe4 20. Qxe4 Qxe4 21. Rxe4 Rac8 22. Ne3 Rfe8 23. Rxe8+ Rxe8 24. Rd1 Bf8 25. Kf1 Re5 26. Ke2 Re6 27. Rc1 Bh6 28. Rc7 Re7 29. Ra7 Bxe3 30. fxe3 d5 31. Kd3 Kg7 32. Rxa6 Re6 33. Ra7 1-0

[Event "Two Games a Month"]
[Site "Winnipeg CAN"]
[Date "2004.01.25"]
[Round "1"]
[White "Nikouline, Alexandre"]
[Black "Cooper, Steven"]
[Result "1-0"]
[WhiteElo "1997"]
[BlackElo "1864"]
[PlyCount "61"]
[GameId "2160767911192210"]
[EventDate "2004.01.25"]
[EventType "swiss"]
[EventRounds "4"]
[EventCountry "CAN"]
[SourceTitle "EXT 2005"]
[Source "ChessBase"]
[SourceDate "2004.11.15"]
[SourceVersion "1"]
[SourceVersionDate "2004.11.15"]
[SourceQuality "1"]

1. e4 c5 2. Nf3 Nc6 3. d4 e6 4. Be2 b6 5. d5 Nce7 6. Bg5 h6 7. dxe6 dxe6 8. Bb5+ Bd7 9. Nc3 hxg5 10. Nxg5 a6 11. Nxf7 Kxf7 12. Bxd7 Rh6 13. e5 Qc7 14. Qf3+ Nf6 15. exf6 Rxf6 16. Qxa8 Qxd7 17. Rd1 Qc7 18. O-O Rh6 19. Qf3+ Ke8 20. Qg3 Qc6 21. f3 Nf5 22. Qb8+ Ke7 23. Qd8+ Kf7 24. Qd7+ Qxd7 25. Rxd7+ Be7 26. Ne4 a5 27. c4 Ke8 28. Rd3 g6 29. f4 Kf7 30. Ng5+ Kf6 31. Re1 1-0

[Event "Two Games a Month"]
[Site "Winnipeg CAN"]
[Date "2004.01.25"]
[Round "1"]
[White "Still, Graham"]
[Black "Vincent, Trevor"]
[Result "0-1"]
[WhiteElo "1301"]
[BlackElo "2010"]
[PlyCount "58"]
[GameId "2160767911192212"]
[EventDate "2004.01.25"]
[EventType "swiss"]
[EventRounds "4"]
[EventCountry "CAN"]
[SourceTitle "EXT 2005"]
[Source "ChessBase"]
[SourceDate "2004.11.15"]
[SourceVersion "1"]
[SourceVersionDate "2004.11.15"]
[SourceQuality "1"]

1. d4 Nf6 2. c4 e5 3. Nf3 e4 4. Nfd2 c6 5. Nc3 d5 6. e3 Be6 7. Qb3 Qd7 8. cxd5 cxd5 9. f3 exf3 10. Nxf3 Nc6 11. Bb5 Bd6 12. O-O O-O 13. a3 a6 14. Bd3 b5 15. Qc2 h6 16. e4 dxe4 17. Bxe4 Nxe4 18. Qxe4 Bf5 19. Qd5 Be6 20. Qe4 Bc4 21. Rd1 Rfe8 22. Qc2 Na5 23. Qf2 Nb3 24. Rb1 Re6 25. d5 Bc5 26. Nd4 Rf6 27. Qh4 Bxd4+ 28. Kh1 Qf5 29. h3 Bxc3 0-1

[Event "Two Games a Month"]
[Site "Winnipeg CAN"]
[Date "2004.01.25"]
[Round "2"]
[White "Boron, Anthony"]
[Black "Lipnowski, Samuel"]
[Result "0-1"]
[WhiteElo "1937"]
[BlackElo "2106"]
[PlyCount "60"]
[GameId "2160767911192213"]
[EventDate "2004.01.25"]
[EventType "swiss"]
[EventRounds "4"]
[EventCountry "CAN"]

1. d4 d5 2. Nf3 c6 3. e3 Nf6 4. Bd3 Bg4 5. Nbd2 Nbd7 6. c4 e5 7. cxd5 Nxd5 8. Qb3 exd4 9. Nxd4 Nc5 10. Qc4 b5 11. Nxb5 cxb5 12. Qxb5+ Bd7 13. Qc4 Nxd3+ 14. Qxd3 Nb4 15. Qe4+ Be7 16. O-O O-O 17. a3 Bc6 18. Qg4 Nd3 19. Nb3 Ne5 20. Qg3 Ng6 21. Nd4 Bb7 22. Bd2 Nh4 23. Bc3 Bf6 24. Rad1 Qe7 25. Bb4 Qe4 26. Bc3 Qxg2+ 27. Qxg2 Bxg2 28. Rfe1 Be4 29. Re2 Bxd4 30. Bxd4 Bf3 0-1